000 00850cab a2200277 4500
001 WB3113-05
008 090401t1995 xxu||||| |||| 00| 0 eng d
035 _a(Sirsi) u41018
041 _aeng
245 _aCost of MPs` offices
260 _c1995
350 _a0
490 _aSunday Times
_v26 March 1995, 3(2)
520 _aExamines the £150m cost of an office development for MPs at Westminster, which has overrun estimates by £20m and is double the price for prime office space in the City of London. Diagram.
650 _aCOSTS
650 _aHOPKINS MICHAEL
650 _aLONDON
650 _aMPS OFFICES
650 _aOFFICE DEVELOPMENT
650 _aPARLIAMENTARY BUILDINGS
650 _aWESTMINSTER
690 _aPROPERTY-COMMERCIAL PROPERTY
690 _aFINANCE AND INVESTMENT
942 _n0
948 _c04/03/1997
999 _c26323
_d26323